Random Harry Potter Knowledge - Statistics

General Stats
  • This quiz has been taken 416 times
  • The average score is 7 of 10
Answer Stats
Hint Answer % Correct
How old is Harry when he (almost) receives his Hogwarts acceptance letters in the mail? 10
94%
What is Hermione's patronus? An Otter
89%
How many presents did Dudley get? (Before they got him more) 36
82%
What are Neville's Parents' names? Alice & Frank
78%
What species of dragon did Harry face in the first task of the Triwizard Cup? Hungarian Horntail
77%
Who are Harry's two love interests throughout the story? Cho Chang & Ginny Weasley
71%
What is the make & model of the Weasley's flying car? Ford Anglia
71%
Who tries to drug Harry with a love potion disguised as chocolate? Romilda Vane
69%
How many Knuts equal a Sickle? 29
44%
What is Bill Weasley's job at Gringott's? Curse-Breaker
35%
No matching quizzes found
Score Distribution
Percent of People with Each Score
Percentile by Number Answered
Your Score History
You have not taken this quiz